Surveying / (Record no. 77009)

MARC details
000 -LEADER
fixed length control field 00839nam a22002777a 4500
005 - DATE AND TIME OF LATEST TRANSACTION
control field 20130627115751.0
008 - FIXED-LENGTH DATA ELEMENTS--GENERAL INFORMATION
fixed length control field 130627b xxu||||| |||| 00| 0 eng d
010 ## - LCCN (DPL NO)
LC control number ENG-107749-750
020 ## - INTERNATIONAL STANDARD BOOK NUMBER
International Standard Book Number 9781259028991 (v.1)
Terms of availability 425.00
020 ## - INTERNATIONAL STANDARD BOOK NUMBER
International Standard Book Number 1259028992
Terms of availability 425.00
020 ## - INTERNATIONAL STANDARD BOOK NUMBER
International Standard Book Number 9781259029837(v.2)
Terms of availability 425.00
020 ## - INTERNATIONAL STANDARD BOOK NUMBER
International Standard Book Number 1259029832
Terms of availability 425.00
035 ## - SYSTEM CONTROL NUMBER
System control number EN-91282-283
037 ## - SOURCE OF ACQUISITION
Source of stock number/acquisition DBAD / PUB
040 ## - CATALOGING SOURCE
Original cataloging agency dpl
Language of cataloging English
082 ## - DEWEY DECIMAL CLASSIFICATION NUMBER
Classification number 526.9
100 ## - MAIN ENTRY--PERSONAL NAME
Personal name Duggal, S.K.
245 ## - TITLE STATEMENT
Title Surveying /
Statement of responsibility, etc by S.K. Duggal
250 ## - EDITION STATEMENT
Edition statement 4th ed
260 ## - PUBLICATION, DISTRIBUTION, ETC. (IMPRINT)
Place of publication, distribution, etc New Delhi
Name of publisher, distributor, etc Tata McGraw-Hill
Date of publication, distribution, etc 2013
270 ## - ADDRESS
Address P-24 Green Park Extension
City New Delhi
Postal code 110016
300 ## - PHYSICAL DESCRIPTION
Extent 2v. (xx,625p.; xviii,488p.) :
Other physical details ill.,col. photos
Dimensions 23cm(pbk)
500 ## - GENERAL NOTE
General note Includes index
650 ## - SUBJECT ADDED ENTRY--TOPICAL TERM
Topical term or geographic name as entry element Surveying
942 ## - ADDED ENTRY ELEMENTS (KOHA)
Source of classification or shelving scheme Dewey Decimal Classification
Item type English Books
Classification part 526.9
Call number suffix DUG
Holdings
Withdrawn status Lost status Source of classification or shelving scheme Materials specified (bound volume or other part) Damaged status Not for loan Collection code Home library Current library Date acquired Source of acquisition Cost, normal purchase price Total Checkouts Full call number Barcode Date last seen Copy number Cost, replacement price Koha item type
    Dewey Decimal Classification v.1   Not For Loan Non-fiction D.B.Act.Division D.B.Act.Division 27/06/2013 DBAD/PUB 425.00   526.9 DUG EN-91282 27/06/2013 1 425.00 English Books
    Dewey Decimal Classification v.2   Not For Loan Non-fiction D.B.Act.Division D.B.Act.Division 27/06/2013 DBAD/PUB 425.00   526.9 DUG EN-91283 27/06/2013 1 425.00 English Books

© Delhi Public Library
Hit Counter
free hit counter